WORLD RESTAURANTS AND BARS (Record no. 34400)

MARC details
000 -LEADER
fixed length control field 00291nam a22001337a 4500
003 - CONTROL NUMBER IDENTIFIER
control field SGT
020 ## - INTERNATIONAL STANDARD BOOK NUMBER
International Standard Book Number 9784785801342
082 ## - DEWEY DECIMAL CLASSIFICATION NUMBER
Classification number 747.79
Item number SHO
100 ## - MAIN ENTRY--PERSONAL NAME
Personal name SHOTEN KENCHIKU
245 ## - TITLE STATEMENT
Title WORLD RESTAURANTS AND BARS
260 ## - PUBLICATION, DISTRIBUTION, ETC. (IMPRINT)
Place of publication, distribution, etc JAPAN
Name of publisher, distributor, etc S.S.C PUB
Year of Publication 2002
300 ## - PAGE DESCRIPTION
No. of Pages 127
942 ## - ADDED ENTRY ELEMENTS (KOHA)
Source of classification or shelving scheme Dewey Decimal Classification
Koha item type Books
Holdings
Withdrawn status Lost status Source of classification or shelving scheme Damaged status Not for loan Home library Current library Shelving location Date acquired Vendor Name Cost, normal purchase price SGTU Bill Number Total Checkouts Full call number Accession No. (Barcode) Date last seen Bill Date Koha item type
    Dewey Decimal Classification   Not For Loan SGT Science & Social Sciences Library SGT Science & Social Sciences Library Reference Book 18/03/2026 PANKAJ PUB 6978.40 SGTU 68   747.79 SHO FF904 18/03/2026 27/02/2026 Books